Tvorba organizačného poriadku podniku pomocou priraďovacích matíc záverečná práca postgraduálneho štúdia

Salvato in:
Dettagli Bibliografici
Autore principale: Brašeň, Tibor
Ente Autore: Vysoká škola ekonomická v Bratislave
Altri autori: Sedlák, Mikuláš
Natura: Libro
Lingua:slovacco
Pubblicazione: Bratislava 1990
Tags: Aggiungi Tag
Nessun Tag, puoi essere il primo ad aggiungerne!!

MARC

LEADER 00000nam a2200000 4500
001 c035007
005 20260108101313.9
041 0 |a slo 
044 |a SK 
245 1 0 |a Tvorba organizačného poriadku podniku pomocou priraďovacích matíc  |b záverečná práca postgraduálneho štúdia  |c Tibor Brašeň ; ved. práce Mikuláš Sedlák 
264 1 |a Bratislava  |c 1990 
300 |a 33 s. 
100 1 |a Brašeň, Tibor 
700 1 |a Sedlák, Mikuláš 
710 2 |a Vysoká škola ekonomická v Bratislave